Management (Record no. 191020)

MARC details
000 -LEADER
fixed length control field 00338nam a2200145Ia 4500
008 - FIXED-LENGTH DATA ELEMENTS--GENERAL INFORMATION
fixed length control field 230917s9999||||xx |||||||||||||| ||und||
040 ## - CATALOGING SOURCE
-- 39588
Original cataloging agency VIVEKANANDA LIBRARY
041 ## - Language
-- English
082 ## - DDC NUMBER
Classification number 658.4 G521M
100 ## - MAIN ENTRY--PERSONAL NAME
Personal name Glueck, William F
245 #0 - TITLE STATEMENT
Title Management
260 ## - PUBLICATION, DISTRIBUTION, ETC. (IMPRINT)
Place of publication, distribution, etc illinois
Name of publisher, distributor, etc Dryden
Date of publication, distribution, etc 1977
300 ## - PHYSICAL DESCRIPTION
Pages viii, 690 p.
942 ## - ADDED ENTRY ELEMENTS (KOHA)
Koha item type Books
Holdings
Withdrawn status Lost status Damaged status Not for loan Location (home branch) Sublocation or collection (holding branch) Date acquired Koha issues (times borrowed) Koha full call number Accession No. Koha date last seen Koha item type
        VIVEKANANDA LIBRARY VIVEKANANDA LIBRARY 29/08/2002   658.4 G521M 48291 17/09/2023 Books
        VIVEKANANDA LIBRARY VIVEKANANDA LIBRARY 29/08/2002   658.4 G521M 69870 17/09/2023 Books
© Designed and Maintained by Vivekananda Library, MDU Rohtak